| 000 | 00936nas a2200301 4500 | ||
|---|---|---|---|
| 001 | BR9900483 | ||
| 003 | BR-BrBNA | ||
| 005 | 20231205101215.0 | ||
| 007 | ta | ||
| 008 | 230509b bl.|||p| |||| 00| 00por d | ||
| 040 |
_aBR-BrBNA _bpor _cBiblioteca Nacional de Agricultura |
||
| 041 | _a(Pt) | ||
| 072 | _aL51; L53 | ||
| 100 | 1 | _aSilva, F.C. de O. | |
| 100 | 1 | _aDonzele, J.L. | |
| 100 | 1 | _aFonseca, C.C. | |
| 100 | 1 | _aNeves, M.T.D. das | |
| 100 | 1 | _aHannas, M.I. | |
| 245 | 1 | _aEfeito dos niveis de energia digestivel da racao sobre os parametros reprodutivos de suinos machos inteiros e femeas | |
| 650 | _aSUÍNO | ||
| 650 | _aReproducao Animal | ||
| 650 | _aTesticulo | ||
| 650 | _aDigestao | ||
| 650 | _aParametro Genetico | ||
| 773 | 0 |
_tRevista Brasileira de Zootecnia (Brazil) _xISSN 0100-4859 _g(Sep-Oct 1998), v. 27(5) p. 965-973 _wBR9900483 |
|
| 909 |
_a202311 _bLúcia _c55 _dLúcia Elande |
||
| 942 |
_2AGRIS _n0 _cANA |
||
| 999 |
_c160418 _d160418 |
||